[Event "Batavia 1920"]
[Site "Amsterdam"]
[Date "2014.02.25"]
[Round "5.4"]
[White "Van Foreest, Jorden"]
[Black "Ernst, Sipke"]
[Result "1/2-1/2"]
[LiveChessVersion "1.4.2"]
[BlackElo "2575"]
[WhiteElo "2371"]

1. c4 {[%clk 1:30:56]} f5 {[%clk 1:30:55]} 2. Nf3 {[%clk 1:30:21]} Nf6
{[%clk 1:31:17]} 3. g3 {[%clk 1:30:00]} b6 {[%clk 1:27:03]} 4. d4
{[%clk 1:29:25]} e6 {[%clk 1:26:59]} 5. Bg2 {[%clk 1:29:09]} Bb7 {[%clk 1:24:00]}
6. O-O {[%clk 1:24:51]} a5 {[%clk 1:24:17]} 7. d5 {[%clk 1:21:55]} Na6
{[%clk 1:24:18]} 8. Nd4 {[%clk 1:21:18]} Nc5 {[%clk 1:22:14]} 9. Nc3
{[%clk 1:17:55]} Bd6 {[%clk 1:18:42]} 10. Ncb5 {[%clk 1:11:11]} Qe7
{[%clk 1:07:58]} 11. Nxd6+ {[%clk 1:02:05]} cxd6 {[%clk 1:08:23]} 12. b3
{[%clk 1:00:39]} O-O {[%clk 1:08:13]} 13. Bb2 {[%clk 0:59:35]} Rae8
{[%clk 0:59:59]} 14. a3 {[%clk 0:55:55]} Ba6 {[%clk 0:49:39]} 15. b4
{[%clk 0:53:49]} Bxc4 {[%clk 0:41:56]} 16. bxc5 {[%clk 0:49:21]} dxc5
{[%clk 0:39:12]} 17. Rc1 {[%clk 0:47:54]} b5 {[%clk 0:31:49]} 18. Nxb5
{[%clk 0:45:15]} Bxb5 {[%clk 0:31:30]} 19. d6 {[%clk 0:45:09]} Qd8
{[%clk 0:29:20]} 20. Rxc5 {[%clk 0:43:24]} Qb6 {[%clk 0:29:21]} 21. Rc7
{[%clk 0:41:27]} Ne4 {[%clk 0:24:25]} 22. a4 {[%clk 0:33:25]} Bc6
{[%clk 0:23:16]} 23. Qd4 {[%clk 0:32:13]} Qxd4 {[%clk 0:23:37]} 24. Bxd4
{[%clk 0:32:39]} Rb8 {[%clk 0:21:21]} 25. Rc1 {[%clk 0:22:40]} Bxa4
{[%clk 0:20:26]} 26. f3 {[%clk 0:21:18]} Nd2 {[%clk 0:17:58]} 27. Be5
{[%clk 0:19:53]} Bb5 {[%clk 0:14:51]} 28. R1c2 {[%clk 0:18:44]} Nb3
{[%clk 0:14:58]} 29. f4 {[%clk 0:19:12]} a4 {[%clk 0:14:36]} 30. Ra7
{[%clk 0:19:32]} Rb6 {[%clk 0:10:14]} 31. Rcc7 {[%clk 0:18:48]} Rd8
{[%clk 0:09:44]} 32. e4 {[%clk 0:17:28]} fxe4 {[%clk 0:08:35]} 33. Bxe4
{[%clk 0:17:53]} Nd2 {[%clk 0:07:53]} 34. Bg2 {[%clk 0:16:57]} Kf8
{[%clk 0:05:21]} 35. Bd4 {[%clk 0:16:49]} Ra6 {[%clk 0:04:39]} 36. Rab7
{[%clk 0:16:26]} Nb3 {[%clk 0:03:12]} 37. Be5 {[%clk 0:16:21]} Bc6
{[%clk 0:01:38]} 38. Bxc6 {[%clk 0:15:29]} Rxc6 {[%clk 0:02:05]} 39. Bxg7+
{[%clk 0:15:50]} Kxg7 {[%clk 0:01:14]} 40. Rxc6 {[%clk 0:16:17]} Na5
{[%clk 0:00:58]} 41. Rxd7+ {[%clk 0:16:07]} Rxd7 {[%clk 0:01:24]} 42. Rc7
{[%clk 0:16:34]} Rf7 {[%clk 0:01:52]} 43. d7 {[%clk 0:16:36]} Nc6
{[%clk 0:02:13]} 44. Rxc6 {[%clk 0:16:54]} Rxd7 {[%clk 0:02:40]} 45. Ra6
{[%clk 0:14:14]} e5 {[%clk 0:01:34]} 46. fxe5 {[%clk 0:13:18]} Re7
{[%clk 0:01:57]} 47. e6 {[%clk 0:13:39]} a3 {[%clk 0:02:22]} 48. Rxa3
{[%clk 0:13:43]} 1/2-1/2

[Event "Batavia 1920"]
[Site "Amsterdam"]
[Date "2014.02.25"]
[Round "5.5"]
[White "Geirnaert, Steven"]
[Black "Peng, Zhaoqin"]
[Result "1/2-1/2"]
[LiveChessVersion "1.4.2"]
[BlackElo "2398"]
[WhiteElo "2391"]

1. d4 {[%clk 1:30:58]} d6 {[%clk 1:30:53]} 2. e4 {[%clk 1:31:07]} Nf6
{[%clk 1:31:09]} 3. Nc3 {[%clk 1:31:29]} e5 {[%clk 1:31:23]} 4. Nf3
{[%clk 1:31:50]} Nbd7 {[%clk 1:31:45]} 5. Bc4 {[%clk 1:32:07]} Be7
{[%clk 1:32:13]} 6. O-O {[%clk 1:32:28]} O-O {[%clk 1:32:40]} 7. Re1
{[%clk 1:32:47]} c6 {[%clk 1:33:01]} 8. a4 {[%clk 1:33:08]} exd4 {[%clk 1:33:15]}
9. Nxd4 {[%clk 1:33:22]} Ne5 {[%clk 1:33:37]} 10. Bf1 {[%clk 1:33:27]} Re8
{[%clk 1:33:47]} 11. h3 {[%clk 1:32:42]} Bf8 {[%clk 1:30:39]} 12. a5
{[%clk 1:24:03]} Bd7 {[%clk 1:30:48]} 13. Bf4 {[%clk 0:49:31]} h6
{[%clk 1:29:23]} 14. Bg3 {[%clk 0:47:11]} Ng6 {[%clk 1:07:48]} 15. f4
{[%clk 0:47:34]} Qc7 {[%clk 1:03:08]} 16. Nb3 {[%clk 0:47:47]} Rad8
{[%clk 1:02:14]} 17. Qf3 {[%clk 0:47:09]} b5 {[%clk 0:56:47]} 18. axb6
{[%clk 0:47:21]} axb6 {[%clk 0:57:05]} 19. Bf2 {[%clk 0:46:26]} c5
{[%clk 0:53:12]} 20. Nd2 {[%clk 0:43:07]} Bc6 {[%clk 0:51:28]} 21. Nd5
{[%clk 0:41:16]} Nxd5 {[%clk 0:48:08]} 22. exd5 {[%clk 0:41:43]} Bd7
{[%clk 0:47:57]} 23. Bd3 {[%clk 0:40:57]} Be7 {[%clk 0:46:37]} 24. c3
{[%clk 0:37:27]} Rb8 {[%clk 0:40:55]} 25. g3 {[%clk 0:34:06]} b5 {[%clk 0:36:13]}
26. Qh5 {[%clk 0:34:17]} Nf8 {[%clk 0:36:25]} 27. g4 {[%clk 0:29:09]} b4
{[%clk 0:30:54]} 28. Ne4 {[%clk 0:20:15]} bxc3 {[%clk 0:28:28]} 29. bxc3
{[%clk 0:20:42]} Nh7 {[%clk 0:17:19]} 30. g5 {[%clk 0:20:09]} Bf5
{[%clk 0:16:29]} 31. gxh6 {[%clk 0:19:45]} g6 {[%clk 0:16:48]} 32. Qf3
{[%clk 0:19:38]} Qd7 {[%clk 0:15:00]} 33. Bf1 {[%clk 0:16:55]} Bf8
{[%clk 0:14:31]} 34. Ra6 {[%clk 0:14:12]} Bxe4 {[%clk 0:09:27]} 35. Rxe4
{[%clk 0:14:39]} Rxe4 {[%clk 0:09:40]} 36. Qxe4 {[%clk 0:14:57]} Nf6
{[%clk 0:10:02]} 37. Qf3 {[%clk 0:14:05]} Qf5 {[%clk 0:06:27]} 38. c4
{[%clk 0:14:09]} Nh5 {[%clk 0:03:45]} 39. h7+ {[%clk 0:13:51]} Kxh7
{[%clk 0:02:22]} 40. Bd3 {[%clk 0:12:08]} Rb3 {[%clk 0:02:39]} 41. Bxf5
{[%clk 0:07:52]} Rxf3 {[%clk 0:03:03]} 42. Bg4 {[%clk 0:07:48]} Rxf4
{[%clk 0:02:45]} 43. Bxh5 {[%clk 0:06:59]} gxh5 {[%clk 0:03:01]} 44. Bg3
{[%clk 0:07:04]} Rxc4 {[%clk 0:30:38]} 45. Bxd6 {[%clk 0:38:14]} Bxd6
{[%clk 0:30:16]} 46. Rxd6 {[%clk 0:38:41]} Rd4 {[%clk 0:30:22]} 47. Rd8
{[%clk 0:37:53]} Kg6 {[%clk 0:29:09]} 48. d6 {[%clk 0:38:07]} Kg5
{[%clk 0:23:12]} 49. Rc8 {[%clk 0:36:59]} Rxd6 {[%clk 0:22:45]} 50. Rxc5+
{[%clk 0:37:22]} f5 {[%clk 0:21:49]} 51. Rc4 {[%clk 0:36:40]} f4 {[%clk 0:19:11]}
52. Rc5+ {[%clk 0:32:19]} Kh4 {[%clk 0:18:28]} 53. Kf2 {[%clk 0:30:43]} Kxh3
{[%clk 0:16:40]} 54. Rxh5+ {[%clk 0:28:31]} Kg4 {[%clk 0:17:05]} 55. Rh8
{[%clk 0:28:00]} Rd2+ {[%clk 0:17:31]} 56. Kg1 {[%clk 0:27:35]} Kg3
{[%clk 0:16:13]} 57. Rg8+ {[%clk 0:27:48]} Kf3 {[%clk 0:16:38]} 58. Rf8
{[%clk 0:28:08]} Rd1+ {[%clk 0:12:16]} 59. Kh2 {[%clk 0:28:28]} Rf1
{[%clk 0:12:08]} 60. Ra8 {[%clk 0:28:39]} Rf2+ {[%clk 0:10:59]} 61. Kg1
{[%clk 0:28:22]} Rg2+ {[%clk 0:10:18]} 62. Kf1 {[%clk 0:28:13]} Re2
{[%clk 0:08:34]} 63. Rf8 {[%clk 0:28:02]} Re4 {[%clk 0:07:44]} 64. Rf7
{[%clk 0:27:36]} Re8 {[%clk 0:05:54]} 65. Ra7 {[%clk 0:24:51]} Re5
{[%clk 0:05:26]} 66. Rf7 {[%clk 0:25:02]} Ke3 {[%clk 0:05:22]} 67. Ra7
{[%clk 0:24:47]} Kf3 {[%clk 0:04:53]} 68. Ra8 {[%clk 0:24:46]} Rb5
{[%clk 0:03:31]} 69. Ra3+ {[%clk 0:25:01]} Kg4 {[%clk 0:03:57]} 70. Rc3
{[%clk 0:25:23]} Rb2 {[%clk 0:04:19]} 71. Ra3 {[%clk 0:25:45]} f3
{[%clk 0:04:39]} 72. Ra8 {[%clk 0:26:09]} Kg3 {[%clk 0:04:59]} 73. Rg8+ 1/2-1/2

[Event "Batavia 1920"]
[Site "Amsterdam"]
[Date "2014.02.27"]
[Round "6.2"]
[White "Peng, Zhaoqin"]
[Black "Van Foreest, Jorden"]
[Result "0-1"]
[WhiteElo "2398"]
[BlackElo "2371"]
[PlyCount "64"]
[EventDate "2014.??.??"]
[WhiteClock "0:05:49"]
[BlackClock "0:35:37"]

1. c4 c6 2. Nf3 d5 3. e3 Bg4 4. Nc3 e6 5. h3 Bh5 6. d4 Nd7 7. Qb3 Qc7 8. g4 Bg6
9. Nh4 Ngf6 10. Nxg6 hxg6 11. g5 dxc4 12. Qxc4 Nd5 13. Bg2 N7b6 14. Qe2 Be7 15.
h4 O-O-O 16. Bd2 Nxc3 17. bxc3 e5 18. a4 a6 19. a5 Nd5 20. Ra4 exd4 21. cxd4
Kb8 22. Qf3 Bd6 23. h5 Qe7 24. hxg6 Rxh1+ 25. Bxh1 Qxg5 26. Kf1 fxg6 27. Qg2
Nxe3+ 28. Bxe3 Qb5+ 29. Kg1 Qxa4 30. Qxg6 Qxa5 31. Be4 Qc7 32. Kg2 Bf4 0-1

[Event "Batavia 1920"]
[Site "Amsterdam"]
[Date "2014.02.27"]
[Round "6.3"]
[White "Burg, Twan"]
[Black "Williams, Simon"]
[Result "1-0"]
[WhiteElo "2494"]
[BlackElo "2449"]
[PlyCount "59"]
[EventDate "2014.??.??"]
[WhiteClock "0:34:07"]
[BlackClock "0:23:52"]

1. e4 c5 2. Nf3 d6 3. Bb5+ Nc6 4. O-O Bd7 5. Re1 Nf6 6. h3 a6 7. Bf1 e5 8. c3
g5 9. d4 g4 10. hxg4 Bxg4 11. d5 Ne7 12. Bg5 Ng6 13. Nbd2 h6 14. Bxf6 Qxf6 15.
Qa4+ Bd7 16. Qb3 b5 17. a4 c4 18. Qb4 a5 19. axb5 Qd8 20. Qa3 Nf4 21. Nxc4 Qf6
22. Re3 Rg8 23. Ne1 Rg5 24. b6 Rh5 25. g3 Bh3 26. gxf4 Bxf1 27. Kxf1 Qxf4 28.
b7 Rb8 29. Qa4+ Ke7 30. Qc6 1-0

[Event "Batavia 1920"]
[Site "Amsterdam"]
[Date "2014.02.27"]
[Round "6.4"]
[White "Van Delft, Merijn"]
[Black "Geirnaert, Steven"]
[Result "1-0"]
[WhiteElo "2423"]
[BlackElo "2391"]
[PlyCount "121"]
[EventDate "2014.??.??"]
[WhiteClock "0:05:09"]
[BlackClock "0:09:57"]

1. e4 e5 2. Nf3 Nc6 3. Bb5 a6 4. Ba4 Nf6 5. d3 b5 6. Bb3 Be7 7. Nc3 d6 8. a4
Rb8 9. axb5 axb5 10. h3 O-O 11. O-O Be6 12. Bg5 h6 13. Bxf6 Bxf6 14. Nd5 Bxd5
15. Bxd5 Ne7 16. Bb3 Ra8 17. Qd2 c5 18. g3 Qc7 19. c3 Qd7 20. h4 Ra7 21. Rxa7
Qxa7 22. Kg2 Qd7 23. Qe2 Qg4 24. Qe3 Rc8 25. Nh2 Qd7 26. Qe2 Ng6 27. h5 Nf8 28.
Ng4 Nh7 29. Ne3 Ng5 30. Nf5 Kh7 31. Rh1 Ne6 32. Ra1 Bg5 33. Ra6 Rc6 34. Ra5 g6
35. hxg6+ fxg6 36. Bxe6 Qxe6 37. Ra7+ Kg8 38. Ne3 Bxe3 39. Qxe3 g5 40. Rb7 Qc8
41. Rxb5 Qa6 42. Rb8+ Rc8 43. Rxc8+ Qxc8 44. Qf3 Kg7 45. Qe2 Qb7 46. Qc2 Qb5
47. b3 g4 48. Qb1 h5 49. b4 cxb4 50. cxb4 d5 51. exd5 Qxd5+ 52. Kg1 Qf3 53. Qe1
Qxd3 54. Qxe5+ Kg6 55. b5 Qd1+ 56. Kh2 Qf3 57. Qf4 Qb7 58. Qd6+ Kf7 59. b6 Ke8
60. Kg1 Qe4 61. Qb8+ 1-0

[Event "Batavia 1920"]
[Site "Amsterdam"]
[Date "2014.02.27"]
[Round "6.5"]
[White "L'Ami, Alina"]
[Black "Ernst, Sipke"]
[Result "0-1"]
[WhiteElo "2398"]
[BlackElo "2575"]
[PlyCount "56"]
[EventDate "2014.??.??"]
[WhiteClock "0:01:35"]
[BlackClock "0:43:56"]

1. d4 e6 2. c4 Bb4+ 3. Bd2 a5 4. Bxb4 axb4 5. e3 Nf6 6. Bd3 O-O 7. Nf3 d6 8.
Qc2 Re8 9. Nbd2 e5 10. O-O Nc6 11. d5 Nb8 12. Ng5 h6 13. Nge4 Na6 14. Nxf6+
Qxf6 15. f4 Nc5 16. Bh7+ Kf8 17. fxe5 Qxe5 18. Nf3 Qxe3+ 19. Kh1 b3 20. Nh4 Re4
21. Ng6+ Ke8 22. Qb1 bxa2 23. Rxa2 Rxa2 24. Qxa2 Qe1 25. Kg1 Nd3 26. g3 Qxf1+
27. Kxf1 Bh3+ 28. Kg1 Re1# 0-1

[Event "Batavia 1920"]
[Site "Amsterdam"]
[Date "2014.02.28"]
[Round "7.1"]
[White "Smerdon, David"]
[Black "L'Ami, Alina"]
[Result "1/2-1/2"]
[WhiteElo "2508"]
[BlackElo "2398"]
[PlyCount "96"]
[EventDate "2014.??.??"]
[WhiteClock "0:13:22"]
[BlackClock "0:06:20"]

1. d4 Nf6 2. Bg5 c5 3. d5 Qb6 4. Nc3 Qxb2 5. Bd2 Qb6 6. e4 d6 7. f4 e6 8. Rb1
Qd8 9. dxe6 fxe6 10. e5 dxe5 11. fxe5 Nfd7 12. Nf3 Be7 13. Bd3 O-O 14. O-O Nxe5
15. Nxe5 Qd4+ 16. Kh1 Qxe5 17. Rxf8+ Bxf8 18. Qf3 Nd7 19. Re1 Qf6 20. Qh3 h6
21. Ne4 Qe7 22. Qg3 b5 23. Bxb5 Bb7 24. Bd3 Rc8 25. c4 Rd8 26. Bc3 e5 27. Qh3
Nf6 28. Nxf6+ Qxf6 29. Bxe5 Re8 30. Qg3 Qg5 31. Qxg5 hxg5 32. Bg6 Re6 33. Bf5
Re8 34. Bd7 Re7 35. Bg4 g6 36. Bc3 Rxe1+ 37. Bxe1 Kf7 38. Bd2 Be7 39. Be3 Kf6
40. Kg1 Be4 41. Be2 Ke5 42. Kf2 Bb1 43. a3 Ke4 44. h3 Bc2 45. g4 Bb3 46. Bf1 a5
47. Be2 a4 48. Bf1 Ba2 1/2-1/2

[Event "Batavia 1920"]
[Site "Amsterdam"]
[Date "2014.02.28"]
[Round "7.2"]
[White "Van Foreest, Jorden"]
[Black "Van Delft, Merijn"]
[Result "0-1"]
[WhiteElo "2371"]
[BlackElo "2423"]
[PlyCount "70"]
[EventDate "2014.??.??"]
[WhiteClock "0:22:06"]
[BlackClock "0:05:10"]

1. Nf3 d5 2. g3 c6 3. Bg2 Nf6 4. O-O Bf5 5. c4 e6 6. cxd5 exd5 7. d3 Be7 8. Nd4
Bg6 9. Nc3 O-O 10. e4 dxe4 11. dxe4 Nbd7 12. Re1 Bc5 13. Nb3 Bb6 14. e5 Bh5 15.
Bf3 Bxf3 16. Qxf3 Ne8 17. Bf4 Nc7 18. Rad1 Qe7 19. Qg4 Ne6 20. Ne4 Nxe5 21.
Bxe5 f5 22. Bf6 Qf7 23. Qxf5 gxf6 24. Qg4+ Ng7 25. Rd6 f5 26. Nf6+ Qxf6 27. Qf4
Qf7 28. Rh6 Rae8 29. Rf1 Re6 30. Rh3 Rfe8 31. Nd2 Re1 32. Nf3 Rxf1+ 33. Kxf1 h5
34. b3 Qd5 35. Rh4 Qe4 0-1

[Event "Batavia 1920"]
[Site "Amsterdam"]
[Date "2014.02.28"]
[Round "7.3"]
[White "Geirnaert, Steven"]
[Black "Burg, Twan"]
[Result "0-1"]
[WhiteElo "2391"]
[BlackElo "2494"]
[PlyCount "76"]
[EventDate "2014.??.??"]
[WhiteClock "0:01:53"]
[BlackClock "0:07:50"]

1. d4 Nf6 2. c4 e6 3. Nc3 Bb4 4. e3 O-O 5. Bd3 d5 6. Nf3 c5 7. O-O cxd4 8. exd4
dxc4 9. Bxc4 b6 10. Bg5 Bb7 11. Re1 Nbd7 12. Bd3 Rc8 13. Rc1 Re8 14. a3 Bxc3
15. bxc3 Qc7 16. c4 Qd6 17. Ne5 Nxe5 18. Rxe5 Qc6 19. f3 Qd6 20. Be3 Qxa3 21.
Ra1 Qe7 22. Qe1 Nd7 23. Rh5 g6 24. Rxa7 gxh5 25. Rxb7 Kh8 26. Bf2 f6 27. Bh4
Rf8 28. d5 Rb8 29. Rc7 Qd6 30. Bg3 e5 31. Rc6 Qe7 32. Re6 Qg7 33. Bf5 Nc5 34.
Rc6 Nb3 35. Rxf6 Rxf6 36. Bxe5 Re8 37. Qc3 Rxe5 38. Qxe5 Rf8 0-1

[Event "Batavia 1920"]
[Site "Amsterdam"]
[Date "2014.02.28"]
[Round "7.4"]
[White "Williams, Simon"]
[Black "Van Eijk, Sander"]
[Result "1-0"]
[WhiteElo "2449"]
[BlackElo "2438"]
[PlyCount "79"]
[EventDate "2014.??.??"]
[WhiteClock "0:43:31"]
[BlackClock "0:56:21"]

1. c4 Nf6 2. Nc3 c5 3. g3 a6 4. Bg2 e6 5. Nf3 Be7 6. O-O O-O 7. b3 b6 8. e4 Bb7
9. e5 Ne8 10. Bb2 d6 11. d4 cxd4 12. Qxd4 dxe5 13. Qxd8 Bxd8 14. Ba3 f6 15.
Rfd1 Bc7 16. Bxf8 Kxf8 17. Ng5 fxg5 18. Bxb7 Ra7 19. Bg2 Ke7 20. Ne4 h6 21. Rd2
Nd7 22. Rad1 Bb8 23. b4 Rc7 24. Nd6 Nef6 25. Rc2 e4 26. Nxe4 Nxe4 27. Bxe4 Ne5
28. c5 Ba7 29. cxb6 Bxb6 30. Rxc7+ Bxc7 31. Kf1 g4 32. Ke2 Bb6 33. a4 a5 34.
bxa5 Bxa5 35. Rb1 Kd6 36. Rb5 Bc7 37. a5 Nc6 38. Bxc6 Kxc6 39. a6 Bb6 40. Rb2
1-0

[Event "Batavia 1920"]
[Site "Amsterdam"]
[Date "2014.02.28"]
[Round "7.5"]
[White "Ernst, Sipke"]
[Black "Peng, Zhaoqin"]
[Result "0-1"]
[WhiteElo "2575"]
[BlackElo "2398"]
[PlyCount "80"]
[EventDate "2014.??.??"]
[WhiteClock "0:00:36"]
[BlackClock "0:03:29"]

1. d4 d6 2. g3 c6 3. Bg2 e5 4. c4 Be7 5. Nc3 f5 6. e4 Nf6 7. Nge2 O-O 8. O-O
fxe4 9. Nxe4 Nxe4 10. Bxe4 Bh3 11. Re1 Nd7 12. dxe5 dxe5 13. Nc3 Qe8 14. Bg2
Bxg2 15. Kxg2 Rd8 16. Ne4 Nc5 17. Qe2 Qf7 18. Nxc5 Bxc5 19. Rf1 Qf5 20. f4 Rde8
21. Qd1 Qe4+ 22. Qf3 Qxc4 23. Bd2 exf4 24. Bxf4 Re2+ 25. Kh1 Qc2 26. Qb3+ Qxb3
27. axb3 Rxb2 28. Rab1 Rxb1 29. Rxb1 Rd8 30. Kg2 Rd5 31. Kf3 Kf7 32. Ke2 Ke6
33. Bd2 Rf5 34. Kd3 Rf2 35. Re1+ Kd5 36. Bf4 Bd4 37. Bd2 Be5 38. Rh1 c5 39. Re1
b5 40. Kc2 Rxh2 0-1

[Event "Batavia 1920"]
[Site "Amsterdam"]
[Date "2014.03.01"]
[Round "8.1"]
[White "Van Eijk, Sander"]
[Black "Geirnaert, Steven"]
[Result "1-0"]
[WhiteElo "2438"]
[BlackElo "2391"]
[PlyCount "115"]
[EventDate "2014.??.??"]
[WhiteClock "0:39:50"]
[BlackClock "0:12:41"]

1. e4 e5 2. f4 d5 3. exd5 exf4 4. Nf3 Nf6 5. Nc3 Nxd5 6. Nxd5 Qxd5 7. d4 Be7 8.
c4 Qe4+ 9. Be2 Bf5 10. O-O Nc6 11. Kh1 Bf6 12. d5 Ne7 13. Nh4 Bxh4 14. Rxf4 Qc2
15. Rxh4 Qxd1+ 16. Bxd1 Ng6 17. Ba4+ Bd7 18. Re4+ Kd8 19. Bd1 Re8 20. Rxe8+
Kxe8 21. Bc2 Kf8 22. Bd2 Re8 23. Bb4+ Kg8 24. Re1 Rxe1+ 25. Bxe1 c6 26. Kg1 Ne5
27. b3 cxd5 28. cxd5 Ng4 29. Bc3 f5 30. Bd4 a6 31. h3 Nh6 32. Kf2 Kf7 33. Ke3
g5 34. b4 f4+ 35. Kf3 Nf5 36. Be5 Nh4+ 37. Kf2 Bf5 38. Bb3 Ke7 39. d6+ Kd7 40.
Bd5 b5 41. Bf6 Kxd6 42. Bb7 Be6 43. Bxg5 Ng6 44. a3 Kc7 45. Be4 Kd6 46. Bb7 Kc7
47. Ba8 Kd6 48. h4 Ke5 49. h5 Nh8 50. Kf3 Nf7 51. Bxf4+ Kd4 52. g4 h6 53. Bc6
Bc8 54. Be8 Ne5+ 55. Bxe5+ Kxe5 56. Bc6 Kd6 57. Ba8 Ke5 58. Kg3 {Kd5} 1-0

[Event "Batavia 1920"]
[Site "Amsterdam"]
[Date "2014.03.01"]
[Round "8.2"]
[White "Van Delft, Merijn"]
[Black "Ernst, Sipke"]
[Result "1/2-1/2"]
[WhiteElo "2423"]
[BlackElo "2575"]
[PlyCount "88"]
[EventDate "2014.??.??"]
[WhiteClock "0:28:14"]
[BlackClock "0:55:27"]

1. e4 c5 2. Nf3 e6 3. g3 b6 4. Bg2 Bb7 5. Nc3 Nf6 6. e5 Ng4 7. O-O f5 8. exf6
Nxf6 9. d4 Be7 10. Bf4 O-O 11. dxc5 bxc5 12. Bd6 Bxd6 13. Qxd6 Qb6 14. Qxb6
axb6 15. Ne5 Bxg2 16. Kxg2 Nd5 17. Nb5 Nc6 18. Nxc6 dxc6 19. Nd6 Rfd8 20. Nc4
b5 21. Ne5 Nb4 22. Rfd1 Nxc2 23. Rxd8+ Rxd8 24. Rc1 Rd2 25. Kf1 c4 26. Nxc6 g5
27. a4 bxa4 28. Ne5 c3 29. bxc3 Na3 30. Ra1 Nb5 31. Rxa4 Nxc3 32. Rc4 Nb5 33.
h4 gxh4 34. Rxh4 Kg7 35. Rf4 Nd6 36. Nf3 Ra2 37. Rd4 Nf7 38. Rg4+ Kf6 39. Rf4+
Ke7 40. Rh4 h6 41. Re4 Nd6 42. Rh4 Nf5 43. Re4 Nd6 44. Rh4 Nf5 1/2-1/2

[Event "Batavia 1920"]
[Site "Amsterdam"]
[Date "2014.03.01"]
[Round "8.3"]
[White "Burg, Twan"]
[Black "Van Foreest, Jorden"]
[Result "1/2-1/2"]
[WhiteElo "2494"]
[BlackElo "2371"]
[PlyCount "35"]
[EventDate "2014.??.??"]
[WhiteClock "0:50:54"]
[BlackClock "1:07:00"]

1. e4 e5 2. Nf3 Nc6 3. Bb5 Nf6 4. d3 Bc5 5. c3 O-O 6. O-O Re8 7. h3 a6 8. Ba4
h6 9. Nbd2 b5 10. Bb3 d6 11. Re1 Be6 12. Nf1 Bxb3 13. axb3 d5 14. b4 Bf8 15.
Ng3 a5 16. bxa5 Rxa5 17. Rxa5 Nxa5 18. Qe2 1/2-1/2

[Event "Batavia 1920"]
[Site "Amsterdam"]
[Date "2014.03.01"]
[Round "8.4"]
[White "Smerdon, David"]
[Black "Williams, Simon"]
[Result "1-0"]
[WhiteElo "2508"]
[BlackElo "2449"]
[PlyCount "61"]
[EventDate "2014.??.??"]
[WhiteClock "0:10:17"]
[BlackClock "0:08:20"]

1. e4 e6 2. d4 d5 3. e5 c5 4. c3 Nc6 5. Nf3 Bd7 6. Bd3 Rc8 7. dxc5 Bxc5 8. b4
Bb6 9. Na3 a6 10. O-O f6 11. b5 Nxe5 12. Nxe5 fxe5 13. Qh5+ Kf8 14. Qxe5 Bc7
15. Qd4 axb5 16. Nxb5 Bxb5 17. Bxb5 Nf6 18. Bd3 Kf7 19. Rb1 e5 20. Qh4 b6 21.
Bf5 Ra8 22. a4 Qd6 23. Rd1 Qc6 24. Rb5 Ra5 25. Bg5 h6 26. Qh3 Rxa4 27. Bxf6
Kxf6 28. Bd7 Qd6 29. Rbxd5 Qxd5 30. Qf5+ Ke7 31. Bxa4 1-0

[Event "Batavia 1920"]
[Site "Amsterdam"]
[Date "2014.03.01"]
[Round "8.5"]
[White "L'Ami, Alina"]
[Black "Peng, Zhaoqin"]
[Result "1-0"]
[WhiteElo "2398"]
[BlackElo "2398"]
[PlyCount "91"]
[EventDate "2014.??.??"]
[WhiteClock "0:35:14"]
[BlackClock "0:30:39"]

1. d4 d6 2. c4 e5 3. Nc3 Nc6 4. d5 Nce7 5. e4 Ng6 6. g3 Be7 7. h4 h5 8. Be2 Nf6
9. Bg5 Ng4 10. Nh3 a6 11. Bd2 c6 12. Ng5 Nf8 13. f3 Nh6 14. f4 Bg4 15. fxe5
dxe5 16. Be3 f6 17. Nf3 c5 18. Nh2 Bxe2 19. Qxe2 Nf7 20. O-O Rc8 21. Rf5 g6 22.
Rff1 Nd6 23. a3 Kf7 24. g4 Kg7 25. b3 Nd7 26. Rf2 Qe8 27. Raf1 hxg4 28. Qxg4
Rh5 29. Rg2 Kh7 30. Nf3 Nf8 31. Ne2 Qd7 32. Qxd7 Nxd7 33. Ng3 b5 34. Nxh5 gxh5
35. Nd2 bxc4 36. Nxc4 Rg8 37. Rxg8 Kxg8 38. Nxd6 Bxd6 39. Rf5 Bc7 40. Rxh5 Ba5
41. Rf5 Bc3 42. Kf2 Bb2 43. a4 Kg7 44. Ke2 Ba3 45. h5 Bb4 46. h6+ 1-0

[Event "Batavia 1920"]
[Site "Amsterdam"]
[Date "2014.03.02"]
[Round "9.1"]
[White "Van Foreest, Jorden"]
[Black "Van Eijk, Sander"]
[Result "1/2-1/2"]
[WhiteElo "2371"]
[BlackElo "2438"]
[PlyCount "56"]
[EventDate "2014.??.??"]
[WhiteClock "0:12:33"]
[BlackClock "0:42:27"]

1. e4 c5 2. Nf3 a6 3. c3 d5 4. exd5 Nf6 5. d4 cxd4 6. cxd4 Nxd5 7. Nc3 Nc6 8.
Bc4 Be6 9. Bb3 Nxc3 10. bxc3 Bxb3 11. axb3 e6 12. O-O Be7 13. Nd2 O-O 14. Nc4
b5 15. Ne3 b4 16. Qf3 Na5 17. Bb2 Nxb3 18. Rad1 bxc3 19. Bxc3 Rc8 20. Bb2 Bb4
21. d5 Qg5 22. Qe4 a5 23. dxe6 Nd2 24. Rxd2 Bxd2 25. Nf5 Bc3 26. Bxc3 Rxc3 27.
e7 Re8 28. Qa4 Rxe7 1/2-1/2

[Event "Batavia 1920"]
[Site "Amsterdam"]
[Date "2014.03.02"]
[Round "9.2"]
[White "Ernst, Sipke"]
[Black "Burg, Twan"]
[Result "1-0"]
[WhiteElo "2575"]
[BlackElo "2494"]
[PlyCount "81"]
[EventDate "2014.??.??"]
[WhiteClock "0:26:38"]
[BlackClock "0:04:36"]

1. d4 Nf6 2. c4 e6 3. Nf3 d5 4. Nc3 c6 5. Bg5 dxc4 6. e4 b5 7. e5 h6 8. Bh4 g5
9. Nxg5 hxg5 10. Bxg5 Nbd7 11. exf6 Bb7 12. g3 c5 13. d5 Qb6 14. Bg2 O-O-O 15.
O-O b4 16. Na4 Qb5 17. a3 Nb8 18. axb4 cxb4 19. Qd4 Nc6 20. dxc6 Rxd4 21. cxb7+
Kb8 22. Be3 e5 23. Rfc1 Bh6 24. f4 Rhd8 25. Re1 Bf8 26. fxe5 a5 27. Kh1 R4d5
28. Bf4 Ka7 29. e6 fxe6 30. b8=Q+ Rxb8 31. Rxe6 Rbd8 32. Be3+ Rd4 33. h4 Bc5
34. Nxc5 Qxc5 35. f7 c3 36. bxc3 Qxc3 37. Bxd4+ Qxd4 38. Rxa5+ Kb8 39. Rb5+ Kc8
40. Rc6+ Kd7 41. Rb7# 1-0

[Event "Batavia 1920"]
[Site "Amsterdam"]
[Date "2014.03.02"]
[Round "9.3"]
[White "Peng, Zhaoqin"]
[Black "Van Delft, Merijn"]
[Result "1/2-1/2"]
[WhiteElo "2398"]
[BlackElo "2423"]
[PlyCount "42"]
[EventDate "2014.??.??"]
[WhiteClock "0:21:22"]
[BlackClock "0:33:43"]

1. d4 d5 2. c4 c6 3. Nf3 Nf6 4. e3 Bg4 5. Nbd2 e6 6. Bd3 Nbd7 7. O-O Bd6 8. h3
Bh5 9. Qb3 Qb8 10. Re1 O-O 11. e4 dxe4 12. Bxe4 Nxe4 13. Nxe4 Bc7 14. Bd2 Rd8
15. Rac1 b6 16. Bg5 f6 17. Bh4 Bf7 18. Bg3 Bxg3 19. Nxg3 c5 20. Qe3 Qc7 21. Ne4
a6 1/2-1/2

[Event "Batavia 1920"]
[Site "Amsterdam"]
[Date "2014.03.02"]
[Round "9.4"]
[White "Geirnaert, Steven"]
[Black "Smerdon, David"]
[Result "1-0"]
[WhiteElo "2391"]
[BlackElo "2508"]
[PlyCount "47"]
[EventDate "2014.??.??"]
[WhiteClock "0:37:54"]
[BlackClock "0:16:03"]

1. d4 e6 2. c4 f5 3. g3 Nf6 4. Bg2 c6 5. Nf3 d5 6. O-O Bd6 7. Bf4 Bxf4 8. gxf4
O-O 9. Nbd2 Nbd7 10. Ne5 Ne4 11. Nxd7 Bxd7 12. Nf3 Be8 13. Ne5 Kh8 14. e3 Rg8
15. Bxe4 fxe4 16. Qg4 Qf6 17. Kh1 g5 18. Rg1 h6 19. Qh3 gxf4 20. Rxg8+ Kxg8 21.
Ng4 Qg5 22. Nxh6+ Kf8 23. Rg1 Qf6 24. Ng8 1-0

[Event "Batavia 1920"]
[Site "Amsterdam"]
[Date "2014.03.02"]
[Round "9.5"]
[White "Williams, Simon"]
[Black "L'Ami, Alina"]
[Result "1/2-1/2"]
[WhiteElo "2449"]
[BlackElo "2398"]
[PlyCount "78"]
[EventDate "2014.??.??"]
[WhiteClock "0:06:00"]
[BlackClock "0:06:27"]

1. e4 c5 2. Nc3 d6 3. f4 g6 4. Nf3 Bg7 5. Bb5+ Bd7 6. Bc4 Nc6 7. O-O Na5 8. Be2
Nf6 9. d3 O-O 10. Qe1 Nc6 11. Bd1 Rc8 12. Kh1 Nd4 13. h3 e6 14. Nxd4 cxd4 15.
Ne2 e5 16. c4 dxc3 17. Nxc3 Bc6 18. f5 d5 19. fxg6 fxg6 20. Bg5 d4 21. Bb3+ Kh8
22. Ne2 h6 23. Qh4 Kh7 24. Rf3 Qd6 25. Raf1 Nh5 26. Be7 Rxf3 27. Rxf3 Qc7 28.
Bb4 Bb5 29. a4 Ba6 30. Be6 Ra8 31. Rf7 Qc2 32. Ng3 Nf4 33. Rxg7+ Kxg7 34. Nf5+
gxf5 35. Qe7+ Kh8 36. Qf6+ Kh7 37. Qxf5+ Ng6 38. Qf7+ Kh8 39. Kh2 Qc1 1/2-1/2